| 000 | 00879nam a2200229Ia 4500 | ||
|---|---|---|---|
| 001 | 8826 | ||
| 003 | GE_BSU | ||
| 008 | 181216s||||||||xx |||||||||||||| ||und|| | ||
| 040 | _cGE_BSU | ||
| 080 | _a821.353.1-11 | ||
| 100 | _aკაკაბაძე,პოლიკარპე | ||
| 245 | _aმეფე ვახტანგ პირველი გორგასალი | ||
| 245 | _bდრამატ.პოემა | ||
| 245 | _cრედ:ნ.გურაბანიძე;მხატვ:ვ.მელიქიშვილი | ||
| 260 | _aთბილისი | ||
| 260 | _bლიტერატურა და ხელოვნება | ||
| 260 | _c1967 | ||
| 300 | _a148გვ;20სმ | ||
| 653 | _aდრამატ.პოემა | ||
| 653 | _aმეფე ვახტანგ პირველი გორგასალი | ||
| 942 | _cBK | ||
| 999 |
_c42134 _d42134 |
||